Anarchy Chess Chain - Statistics

General Stats
  • This quiz has been taken 11 times
  • The average score is 3 of 12
Answer Stats
Number Answer % Correct
1 Google en passant
83%
2 Holy hell
83%
4 Actual zombie
50%
5 Call the exorcist!
50%
3 New response just dropped
33%
8 Pawn storm incoming!
17%
6 Bishop goes on vacation, never comes back
0%
12 Checkmate or riot!
0%
10 Ignite the chessboard!
0%
11 Knightmare fuel
0%
7 Queen sacrifice, anyone?
0%
9 Rook's in the corner, plotting world domination
0%
No matching quizzes found
Score Distribution
Percent of People with Each Score
Percentile by Number Answered
Your Score History
You have not taken this quiz